000
00310nam a2200133Ia 4500
005
20260326100035.0
008
260326s9999||||xx |||||||||||||| ||und||
100
_a
Crozet, René
245
0
_a
El Arte Románico /
_c
René Crozet
260
_b
Plaza & Janés
300
_a
158 p.
650
_a
ARTE
942
_c
BK
999
_c
6750
_d
6750